Know it all, find it fast

Αποθηκεύτηκε σε:
Λεπτομέρειες βιβλιογραφικής εγγραφής
Κύριος συγγραφέας: Duckett, Bob
Μορφή: Βιβλίο
Γλώσσα:Undetermined
Έκδοση: London Facet 2004
Θέματα:
Ετικέτες: Προσθήκη ετικέτας
Δεν υπάρχουν, Καταχωρήστε ετικέτα πρώτοι!
Thư viện lưu trữ: Trung tâm Học liệu Trường Đại học Cần Thơ
LEADER 00504nam a2200181Ia 4500
001 CTU_103025
008 210402s9999 xx 000 0 und d
082 |a 025.52 
082 |b D835 
100 |a Duckett, Bob 
245 0 |a Know it all, find it fast 
245 0 |c Bob Duckett, Peter Walker, Christinea Donnelly 
260 |a London 
260 |b Facet 
260 |c 2004 
650 |a Library services,Information services 
904 |i Minh 
980 |a Trung tâm Học liệu Trường Đại học Cần Thơ